[Event "Asian Zonal-ch 3.5 Women 2019"]
[Site "Zi Bo"]
[Date "2019.09.09"]
[Round "7.9"]
[White "Yuan, Ye"]
[Black "Ha, Yihan"]
[Result "0-1"]
[WhiteElo "2092"]
[BlackElo "1580"]
[Annotator "NA"]
[PlyCount "202"]
[EventDate "2019.09.05"]
[EventType "swiss"]
[EventCountry "CHN"]
[SourceTitle "playchess.com"]
[Source "ChessBase"]
[SourceQuality "1"]
[TimeControl "5400+30"]

1. d4 {[%emt 0:00:00]} d5 {[%emt 0:00:00]} 2. Nf3 {[%emt 0:00:17]} Nf6 {[%emt 0:00:00]} 3. Bf4 {[%emt 0:00:06]} Bf5 {[%emt 0:01:17]} 4. e3 {[%emt 0:00:55]} e6 {[%emt 0:00:51]} 5. Nbd2 {[%emt 0:00:33]} Be7 {[%emt 0:04:26]} 6. h3 {[%emt 0:00:26]} O-O {[%emt 0:00:52]} 7. Be2 {[%emt 0:05:52]} c5 {[%emt 0:03:13]} 8. c3 {[%emt 0:00:24]} Nc6 {[%emt 0:00:36]} 9. O-O {[%emt 0:03:28]} Rc8 {[%emt 0:01:09]} 10. Bh2 {[%emt 0:09:34]} Qb6 {[%emt 0:01:59]} 11. Qb3 {[%emt 0:05:11]} Nd7 {[%emt 0:09:24]} 12. Qxb6 {[%emt 0:03:43]} Nxb6 {[%emt 0:01:07]} 13. a4 {[%emt 0:04:37]} cxd4 {[%emt 0:14:34]} 14. exd4 {[%emt 0:02:23]} Rfd8 {[%emt 0:05:52]} 15. a5 {[%emt 0:03:12]} Nd7 {[%emt 0:00:26]} 16. Ne1 {[%emt 0:09:47]} h6 {[%emt 0:02:58]} 17. Nd3 {[%emt 0:01:53]} Bf6 {[%emt 0:01:27]} 18. Rfd1 {[%emt 0:03:56]} Re8 {[%emt 0:01:21]} 19. g4 {[%emt 0:05:18]} Bh7 {[%emt 0:01:10]} 20. f4 {[%emt 0:01:34]} Be7 {[%emt 0:10:41]} 21. b4 {[%emt 0:07:18]} Bd6 {[%emt 0:04:51]} 22. Nb3 {[%emt 0:01:36]} Nf6 {[%emt 0:04:19]} 23. Nbc5 {[%emt 0:03:38]} b6 {[%emt 0:05:55]} 24. axb6 {[%emt 0:00:09]} axb6 {[%emt 0:00:05]} 25. Na4 {[%emt 0:00:51]} Rb8 {[%emt 0:01:09]} 26. Ne5 {[%emt 0:04:06]} Rec8 {[%emt 0:01:10]} 27. Rdc1 {[%emt 0:01:31]} Bxe5 {[%emt 0:01:03]} 28. dxe5 {[%emt 0:01:39]} Ne4 {[%emt 0:00:43]} 29. Bd3 {[%emt 0:07:42]} Nd2 {[%emt 0:01:31]} 30. Bxh7+ {[%emt 0:00:16]} Kxh7 {[%emt 0:00:36]} 31. Rd1 {[%emt 0:01:26]} Ne4 {[%emt 0:00:54]} 32. Rdc1 {[%emt 0:00:48]} Ne7 {[%emt 0:01:38]} 33. f5 {[%emt 0:03:59]} b5 {[%emt 0:04:14]} 34. Nc5 {[%emt 0:00:25]} Nxc5 {[%emt 0:00:33]} 35. bxc5 {[%emt 0:00:01]} Rb7 {[%emt 0:02:44]} 36. fxe6 {[%emt 0:00:34]} fxe6 {[%emt 0:00:12]} 37. Kf1 {[%emt 0:03:17]} Rxc5 {[%emt 0:00:19]} 38. Bg1 {[%emt 0:00:01]} Rc4 {[%emt 0:00:51]} 39. Ke2 {[%emt 0:01:16]} Re4+ {[%emt 0:01:27]} 40. Kd3 {[%emt 0:00:25]} Nc6 {[%emt 0:02:53]} 41. Bh2 {[%emt 0:01:47]} Nxe5+ {[%emt 0:00:58]} 42. Bxe5 {[%emt 0:00:05]} Rxe5 {[%emt 0:00:04]} 43. Re1 {[%emt 0:00:56]} Rxe1 {[%emt 0:00:28]} 44. Rxe1 {[%emt 0:00:00]} Rb6 {[%emt 0:01:31]} 45. Kd4 {[%emt 0:00:05]} Rc6 {[%emt 0:00:13]} 46. Rb1 {[%emt 0:00:07]} Rc4+ {[%emt 0:00:17]} 47. Kd3 {[%emt 0:00:13]} Kg6 {[%emt 0:02:16]} 48. Rxb5 {[%emt 0:00:06]} Kf6 {[%emt 0:02:53]} 49. Rb8 {[%emt 0:00:32]} Re4 {[%emt 0:02:22]} 50. Rf8+ {[%emt 0:01:19]} Kg5 {[%emt 0:01:24]} 51. Rf7 {[%emt 0:00:28]} g6 {[%emt 0:00:21]} 52. Rg7 {[%emt 0:00:46]} h5 {[%emt 0:01:11]} 53. gxh5 {[%emt 0:00:13]} Kxh5 {[%emt 0:00:06]} 54. Kd2 {[%emt 0:00:15]} Kg5 {[%emt 0:01:10]} 55. Rf7 {[%emt 0:00:25]} Rf4 {[%emt 0:00:43]} 56. Re7 {[%emt 0:00:18]} Kf6 {[%emt 0:00:20]} 57. Rh7 {[%emt 0:00:02]} e5 {[%emt 0:00:41]} 58. h4 {[%emt 0:01:11]} Kf5 {[%emt 0:00:26]} 59. h5 {[%emt 0:00:28]} gxh5 {[%emt 0:00:25]} 60. Rxh5+ {[%emt 0:00:03]} Ke4 {[%emt 0:00:09]} 61. Ke2 {[%emt 0:02:06]} Rg4 {[%emt 0:00:48]} 62. Rh2 {[%emt 0:00:14]} Rg3 {[%emt 0:01:03]} 63. Rh4+ {[%emt 0:00:20]} Kf5 {[%emt 0:00:05]} 64. Kd2 {[%emt 0:00:17]} e4 {[%emt 0:00:56]} 65. Rh5+ {[%emt 0:00:17]} Rg5 {[%emt 0:00:13]} 66. Rh8 {[%emt 0:00:52]} Ke5 {[%emt 0:00:20]} 67. Re8+ {[%emt 0:00:07]} Kf4 {[%emt 0:00:26]} 68. Rf8+ {[%emt 0:00:38]} Rf5 {[%emt 0:00:16]} 69. Rh8 {[%emt 0:01:16]} Kf3 {[%emt 0:01:00]} 70. Rh3+ {[%emt 0:00:29]} Kg2 {[%emt 0:00:12]} 71. Rh8 {[%emt 0:00:24]} Rf3 {[%emt 0:01:02]} 72. Rh5 {[%emt 0:02:06]} Rd3+ {[%emt 0:00:06]} 73. Ke2 {[%emt 0:00:50]} Kg3 {[%emt 0:00:10]} 74. Rg5+ {[%emt 0:01:11]} Kf4 {[%emt 0:00:08]} 75. Rh5 {[%emt 0:00:03]} Rxc3 {[%emt 0:00:24]} 76. Rxd5 {[%emt 0:00:08]} Rc2+ {[%emt 0:00:05]} 77. Kd1 {[%emt 0:01:13]} Rh2 {[%emt 0:00:33]} 78. Rd8 {[%emt 0:02:30]} Ke3 {[%emt 0:00:15]} 79. Re8 {[%emt 0:00:15]} Rh1+ {[%emt 0:01:01]} 80. Kc2 {[%emt 0:00:00]} Re1 {[%emt 0:00:15]} 81. Rh8 {[%emt 0:00:46]} Rf1 {[%emt 0:00:37]} 82. Re8 {[%emt 0:00:45]} Rf4 {[%emt 0:00:21]} 83. Kd1 {[%emt 0:00:25]} Rf2 {[%emt 0:00:55]} 84. Ra8 {[%emt 0:00:27]} Rf1+ {[%emt 0:00:09]} 85. Kc2 {[%emt 0:00:02]} Ke2 {[%emt 0:00:09]} 86. Re8 {[%emt 0:01:03]} e3 {[%emt 0:00:15]} 87. Re7 {[%emt 0:00:07]} Rf3 {[%emt 0:00:47]} 88. Re8 {[%emt 0:00:44]} Kf2 {[%emt 0:00:39]} 89. Kd1 {[%emt 0:00:13]} Rf6 {[%emt 0:00:19]} 90. Re7 {[%emt 0:00:25]} Rd6+ {[%emt 0:00:08]} 91. Kc1 {[%emt 0:00:39]} e2 {[%emt 0:00:19]} 92. Rf7+ {[%emt 0:00:04]} Ke3 {[%emt 0:00:43]} 93. Re7+ {[%emt 0:00:03]} Kd3 {[%emt 0:00:10]} 94. Re5 {[%emt 0:00:29]} Rd4 {[%emt 0:00:11]} 95. Re8 {[%emt 0:00:24]} Rc4+ {[%emt 0:00:39]} 96. Kb2 {[%emt 0:00:11]} Kd2 {[%emt 0:00:10]} 97. Rd8+ {[%emt 0:00:05]} Ke1 {[%emt 0:00:12]} 98. Re8 {[%emt 0:00:08]} Kf2 {[%emt 0:00:42]} 99. Rf8+ {[%emt 0:00:09]} Kg2 {[%emt 0:00:17]} 100. Re8 {[%emt 0:00:07]} Kf3 {[%emt 0:00:14]} 101. Rf8+ {[%emt 0:00:12]} Rf4 {[%emt 0:00:17]} 0-1

[Event "Asian Zonal-ch 3.5 Women 2019"]
[Site "Zi Bo"]
[Date "2019.09.09"]
[Round "7.10"]
[White "Xue, Yue"]
[Black "Hu, Yu A."]
[Result "0-1"]
[WhiteElo "1678"]
[BlackElo "2105"]
[Annotator "ChessBase"]
[PlyCount "68"]
[EventDate "2019.09.05"]
[EventType "swiss"]
[EventCountry "CHN"]
[SourceTitle "playchess.com"]
[Source "ChessBase"]
[SourceQuality "1"]
[TimeControl "5400+30"]

1. e4 {[%emt 0:00:00]} c5 {[%emt 0:02:12]} 2. Nf3 {[%emt 0:00:00]} e6 {[%emt 0:00:27]} 3. d4 {[%emt 0:01:37]} cxd4 {[%emt 0:00:09]} 4. Nxd4 {[%emt 0:00:02]} Nc6 {[%emt 0:00:54]} 5. Nc3 {[%emt 0:03:26]} Qc7 {[%emt 0:00:16]} 6. Be2 {[%emt 0:00:54]} a6 {[%emt 0:00:44]} 7. a4 {[%emt 0:03:36]} Nf6 {[%emt 0:00:34]} 8. O-O {[%emt 0:00:13]} Bb4 {[%emt 0:00:52]} 9. Qd3 {[%emt 0:04:45]} O-O {[%emt 0:03:43]} 10. Nxc6 {[%emt 0:13:01]} bxc6 {[%emt 0:08:13]} 11. Na2 {[%emt 0:05:09]} Be7 {[%emt 0:06:15]} 12. c4 {[%emt 0:03:00]} d5 {[%emt 0:06:10]} 13. Nc3 {[%emt 0:00:13]} Bb7 {[%emt 0:01:02]} 14. f4 {[%emt 0:08:57]} Rfd8 {[%emt 0:13:00]} 15. e5 {[%emt 0:01:15]} Nd7 {[%emt 0:00:24]} 16. Qh3 {[%emt 0:20:18]} Nc5 {[%emt 0:03:59]} 17. b4 {[%emt 0:00:30]} Nb3 {[%emt 0:04:01]} 18. Nxd5 {[%emt 0:02:45]} cxd5 {[%emt 0:00:19]} 19. Qxb3 {[%emt 0:00:03]} dxc4 {[%emt 0:00:20]} 20. Qxc4 {[%emt 0:04:51]} Qb6+ {[%emt 0:00:25]} 21. Kh1 {[%emt 0:00:15]} Bd5 {[%emt 0:00:13]} 22. Qc3 {[%emt 0:01:19]} Rac8 {[%emt 0:05:31]} 23. Qh3 {[%emt 0:01:56]} Rc2 {[%emt 0:01:24]} 24. Be3 {[%emt 0:01:47]} Qxb4 {[%emt 0:00:16]} 25. Bf3 {[%emt 0:00:27]} Qc3 {[%emt 0:10:21]} 26. Rac1 {[%emt 0:07:50]} Rxc1 {[%emt 0:00:55]} 27. Bxc1 {[%emt 0:00:08]} Bc4 {[%emt 0:00:11]} 28. Rg1 {[%emt 0:01:09]} Bc5 {[%emt 0:00:27]} 29. Qh4 {[%emt 0:00:03]} Rd3 {[%emt 0:01:32]} 30. Be4 {[%emt 0:04:55]} Bxg1 {[%emt 0:02:50]} 31. Bxh7+ {[%emt 0:00:15]} Kf8 {[%emt 0:00:19]} 32. Bxd3 {[%emt 0:01:04]} Qxd3 {[%emt 0:00:20]} 33. Ba3+ {[%emt 0:01:03]} Kg8 {[%emt 0:00:04]} 34. Bd6 {[%emt 0:02:08]} Bb6 {[%emt 0:00:12]} 0-1

[Event "Asian Zonal-ch 3.5 Women 2019"]
[Site "Zi Bo"]
[Date "2019.09.09"]
[Round "7.11"]
[White "Zhao, Caidi"]
[Black "Zhang, Xiao"]
[Result "0-1"]
[WhiteElo "1540"]
[BlackElo "2073"]
[Annotator "NA"]
[PlyCount "48"]
[EventDate "2019.09.05"]
[EventType "swiss"]
[EventCountry "CHN"]
[SourceTitle "playchess.com"]
[Source "ChessBase"]
[SourceQuality "1"]
[TimeControl "5400+30"]

1. e4 {[%emt 0:00:00]} c6 {[%emt 0:00:00]} 2. d4 {[%emt 0:00:00]} d5 {[%emt 0:00:00]} 3. Nc3 {[%emt 0:00:00]} g6 {[%emt 0:00:00]} 4. Nf3 {[%emt 0:00:16]} Bg4 {[%emt 0:00:14]} 5. Be2 {[%emt 0:02:03]} Bg7 {[%emt 0:00:16]} 6. Be3 {[%emt 0:00:24]} e6 {[%emt 0:01:21]} 7. h3 {[%emt 0:01:46]} Bxf3 {[%emt 0:00:09]} 8. Bxf3 {[%emt 0:00:08]} Nf6 {[%emt 0:00:11]} 9. Qd2 {[%emt 0:01:48]} O-O {[%emt 0:08:18]} 10. e5 {[%emt 0:03:23]} Nfd7 {[%emt 0:00:11]} 11. h4 {[%emt 0:04:31]} c5 {[%emt 0:00:14]} 12. h5 {[%emt 0:12:52]} cxd4 {[%emt 0:00:56]} 13. Bxd4 {[%emt 0:00:28]} Nxe5 {[%emt 0:02:57]} 14. hxg6 {[%emt 0:04:28]} fxg6 {[%emt 0:00:46]} 15. Bxe5 {[%emt 0:01:58]} Bxe5 {[%emt 0:00:03]} 16. Qh6 {[%emt 0:09:05]} Qe7 {[%emt 0:04:44]} 17. O-O {[%emt 0:01:30]} Nc6 {[%emt 0:03:16]} 18. Rae1 {[%emt 0:02:46]} Qg7 {[%emt 0:01:44]} 19. Qh3 {[%emt 0:01:15]} Rae8 {[%emt 0:00:36]} 20. Bg4 {[%emt 0:01:30]} Nd4 {[%emt 0:03:01]} 21. f4 {[%emt 0:03:44]} Rxf4 {[%emt 0:01:08]} 22. Rxf4 {[%emt 0:01:02]} Bxf4 {[%emt 0:00:02]} 23. Nxd5 {[%emt 0:02:32]} Be5 {[%emt 0:00:32]} 24. c3 {[%emt 0:02:08]} exd5 {[%emt 0:01:53]} 0-1

[Event "Asian Zonal-ch 3.5 Women 2019"]
[Site "Zi Bo"]
[Date "2019.09.09"]
[Round "7.12"]
[White "Wang, Yuehan"]
[Black "Cai Youyang"]
[Result "1/2-1/2"]
[WhiteElo "1600"]
[BlackElo "1910"]
[Annotator "NA"]
[PlyCount "105"]
[EventDate "2019.09.05"]
[EventType "swiss"]
[EventCountry "CHN"]
[SourceTitle "playchess.com"]
[Source "ChessBase"]
[SourceQuality "1"]
[TimeControl "5400+30"]

1. e4 {[%emt 0:00:00]} c5 {[%emt 0:00:00]} 2. Nf3 {[%emt 0:00:00]} a6 {[%emt 0:00:00]} 3. c4 {[%emt 0:00:00]} e6 {[%emt 0:00:03]} 4. Nc3 {[%emt 0:00:00]} Qc7 {[%emt 0:00:06]} 5. d4 {[%emt 0:01:59]} cxd4 {[%emt 0:00:07]} 6. Nxd4 {[%emt 0:00:03]} Nf6 {[%emt 0:00:07]} 7. a3 {[%emt 0:00:03]} Be7 {[%emt 0:01:25]} 8. Be2 {[%emt 0:00:54]} O-O {[%emt 0:00:14]} 9. O-O {[%emt 0:00:40]} b6 {[%emt 0:00:12]} 10. Be3 {[%emt 0:01:50]} Bb7 {[%emt 0:00:06]} 11. f3 {[%emt 0:00:05]} Bd6 {[%emt 0:24:05]} 12. g3 {[%emt 0:01:02]} Bxg3 {[%emt 0:00:45]} 13. hxg3 {[%emt 0:01:01]} Qxg3+ {[%emt 0:00:05]} 14. Kh1 {[%emt 0:00:03]} Nxe4 {[%emt 0:00:40]} 15. Nxe4 {[%emt 0:02:02]} Bxe4 {[%emt 0:00:03]} 16. Rf2 {[%emt 0:02:22]} Bg6 {[%emt 0:01:27]} 17. Rg2 {[%emt 0:00:51]} Qc7 {[%emt 0:00:33]} 18. Rc1 {[%emt 0:02:43]} d6 {[%emt 0:06:46]} 19. Bd3 {[%emt 0:03:57]} Nc6 {[%emt 0:01:18]} 20. Bxg6 {[%emt 0:05:30]} hxg6 {[%emt 0:00:06]} 21. Nb5 {[%emt 0:00:52]} Qd8 {[%emt 0:05:48]} 22. Qxd6 {[%emt 0:04:26]} axb5 {[%emt 0:01:50]} 23. Qxc6 {[%emt 0:00:06]} bxc4 {[%emt 0:00:03]} 24. Qxb6 {[%emt 0:03:45]} Qd5 {[%emt 0:00:15]} 25. Rf1 {[%emt 0:00:37]} Rfd8 {[%emt 0:00:46]} 26. Rd2 {[%emt 0:05:06]} Qh5+ {[%emt 0:00:05]} 27. Rh2 {[%emt 0:00:46]} Qf5 {[%emt 0:00:32]} 28. Qc5 {[%emt 0:03:33]} Qd3 {[%emt 0:00:33]} 29. Re1 {[%emt 0:02:10]} Rd5 {[%emt 0:02:02]} 30. Qc7 {[%emt 0:03:29]} Qf5 {[%emt 0:03:48]} 31. Qg3 {[%emt 0:01:06]} Rad8 {[%emt 0:00:20]} 32. Qh3 {[%emt 0:00:39]} Qxh3 {[%emt 0:00:04]} 33. Rxh3 {[%emt 0:00:04]} Rb8 {[%emt 0:00:13]} 34. Rh2 {[%emt 0:00:10]} Rb3 {[%emt 0:00:04]} 35. f4 {[%emt 0:01:32]} f6 {[%emt 0:04:11]} 36. Rc2 {[%emt 0:03:58]} Rdd3 {[%emt 0:00:32]} 37. Bf2 {[%emt 0:00:34]} Rf3 {[%emt 0:00:25]} 38. Re4 {[%emt 0:00:52]} c3 {[%emt 0:03:56]} 39. bxc3 {[%emt 0:00:58]} Rxa3 {[%emt 0:00:03]} 40. Bd4 {[%emt 0:03:30]} Ra6 {[%emt 0:01:31]} 41. Kg2 {[%emt 0:00:24]} Rd3 {[%emt 0:00:03]} 42. Rce2 {[%emt 0:00:54]} Kf7 {[%emt 0:00:03]} 43. R4e3 {[%emt 0:00:34]} Rd1 {[%emt 0:01:48]} 44. Re1 {[%emt 0:00:13]} Rd2+ {[%emt 0:00:05]} 45. R3e2 {[%emt 0:00:11]} Rd3 {[%emt 0:00:03]} 46. Rb1 {[%emt 0:00:22]} g5 {[%emt 0:00:16]} 47. fxg5 {[%emt 0:00:09]} e5 {[%emt 0:00:04]} 48. gxf6 {[%emt 0:08:06]} gxf6 {[%emt 0:00:03]} 49. Bxe5 {[%emt 0:06:21]} fxe5 {[%emt 0:00:03]} 50. Rxe5 {[%emt 0:00:48]} Rg6+ {[%emt 0:00:05]} 51. Kf2 {[%emt 0:00:32]} Rf6+ {[%emt 0:00:02]} 52. Ke2 {[%emt 0:00:18]} Rxc3 {[%emt 0:00:02]} 53. Rf1 {[%emt 0:03:25]} 1/2-1/2

[Event "Asian Zonal-ch 3.5 Women 2019"]
[Site "Zi Bo"]
[Date "2019.09.10"]
[Round "10.1"]
[White "Zhu, Jiner"]
[Black "Ning, Kaiyu"]
[Result "1-0"]
[WhiteElo "2471"]
[BlackElo "2354"]
[Annotator "TA"]
[PlyCount "201"]
[EventDate "2019.09.05"]
[EventType "swiss"]
[EventCountry "CHN"]
[SourceTitle "playchess.com"]
[Source "ChessBase"]
[SourceQuality "1"]

{[%evp 20,201,13,18,16,7,23,23,31,31,17,19,27,26,34,20,21,-25,0,0,24,20,10,17,40,42,54,18,172,166,153,0,0,0,0,0,0,0,0,0,19,0,0,0,0,-9,-10,-16,7,7,0,-29,-35,-20,-20,-29,-4,-18,-4,-40,0,-18,0,-18,0,0,0,-102,-65,-110,-95,-108,-95,-122,-7,-995,-324,-442,-115,-115,-115,-115,-115,-115,-115,-115,-108,-249,-147,-137,-108,-108,-108,-119,-108,-108,-108,-115,-107,-108,-108,-108,0,-65,-69,-45,-15,-37,-37,-37,-37,-37,-14,-14,0,0,0,-14,-14,-16,0,-8,0,-8,0,0,0,0,0,0,0,0,0,0,0,0,0,0,0,0,0,0,0,0,0,-13,0,0,0,0,0,-8,0,0,0,0,0,0,0,-8,-8,-8,-8,-20,-13,-13,-20,-20,0,0,0,0,0,0,0,0,0,0,0,0,29985,0,29986,29987]} 1. e4 e6 2. d4 d5 3. Nc3 Nf6 4. e5 Nfd7 5. f4 c5 6. Nf3 Nc6 7. Be3 cxd4 8. Nxd4 Qb6 9. Qd2 Qxb2 10. Rb1 Qa3 11. Bb5 Nxd4 {C11: French: Classical System: 4 e5 and 4 Bg5 dxe4} 12. Bxd4 a6 13. Bxd7+ Bxd7 {White has an edge.} 14. Rb3 Qe7 $1 15. Rxb7 Qd8 $146 ({Predecessor:} 15... Rc8 16. O-O {1-0 (27) Jakovenko,D (2710)-Goryachkina,A (2478) Sochi 2017}) 16. O-O Rc8 17. Qe3 Rc4 18. Kh1 Be7 19. f5 {And now f6 would win.} Bg5 20. Qd3 {With the idea Ne4!} O-O 21. f6 gxf6 22. exf6 Kh8 23. Rf3 Rg8 $2 {[#]} (23... h6 $11 {and Black is okay.}) 24. Rh3 $1 $18 {[%csl Gd3][%cal Rh3h7][%mdl 512]} h6 25. Ne4 $2 (25. Be3 $16 Rh4 26. Bxg5 hxg5 27. Ne2 (27. Rxh4+ gxh4 28. Qd4 Rg6 $16)) 25... dxe4 $11 26. Qxc4 e3 $1 27. Rxe3 (27. Bxe3 $2 Bxe3 28. Rg3 (28. Rxe3 $2 Bc6 $19 {[%mdl 64] Double Attack}) (28. Qh4 $2 Rxg2 {[%mdl 64] Decoy} 29. Kxg2 Bc6+ {[%mdl 64] Double Attack} 30. Rf3 Bxb7 $19) 28... Rxg3 $19) 27... Bb5 28. Qc3 Qd5 {[%mdl 64] Double Attack} 29. Rxb5 $1 Qxb5 {[%cal Rb5f1]} 30. Re1 Qd5 {Threatens to win with ...Be3!} 31. Rg1 Qe4 32. Qc5 Bf4 {White must now prevent ...Bxh2!} 33. Bf2 e5 34. h3 Bg5 35. Qe7 Qxc2 36. Ba7 Qxa2 37. Qxe5 Qb3 38. Bd4 Qd3 39. Re1 Bh4 (39... a5 $5) 40. Rg1 Qg6 41. Qf4 Bg3 42. Qf3 Rd8 43. Ba1 (43. Bf2 $11 Be5 44. Qe2 Bxf6 45. Qxa6) 43... Bc7 44. Qe3 Kh7 45. Qe7 Bb6 46. Re1 Rd2 ({Black should play} 46... a5 $1 $17 47. Bc3 a4) 47. Re2 $2 {[%mdl 8192] [#]} (47. Qb7 $11) 47... Bc7 $2 ({Not} 47... Rxe2 48. Qxe2 Qb1+ 49. Kh2 $15) (47... Bf2 $1 {[%mdl 512] ( -> ...Rxe2)} 48. Qxf7+ Qxf7 49. Rxd2 Qe6) 48. g4 Qb1+ $2 {[#]} (48... Bd6 $1 $19 {[%cal Rd6e7]} 49. Rxd2 Bxe7 50. fxe7 Qe4+ 51. Kh2 Qxe7) 49. Kg2 $1 $17 {[%mdl 512]} Qb7+ {[#]} 50. Kf2 $1 {[%mdl 512] [#]} Qb6+ $1 51. Ke1 Rxe2+ 52. Kxe2 Qb5+ 53. Kf3 (53. Kd2 $17 Qd5+ 54. Kc2) 53... Qd3+ (53... Qf1+ $19 54. Ke4 Qh1+ 55. Kd3 Qxh3+ 56. Kc2 Qg2+ 57. Kc3 Ba5+ 58. Kb3 Qd5+ 59. Kc2 Qd2+ 60. Kb1 Qd3+ 61. Ka2 Qc4+ 62. Kb1 Kg6) 54. Kf2 Bb6+ 55. Ke1 Qb1+ 56. Kd2 Qa2+ 57. Kd3 Qd5+ 58. Kc2 Qc4+ 59. Kb1 Qd3+ 60. Ka2 Qc4+ 61. Kb1 Bc5 62. Qe5 $1 Ba3 63. Qe3 Bd6 64. Bb2 a5 65. Bc1 Bf8 66. Qe8 Qb4+ 67. Ka1 Kg6 68. Qe5 {[%csl Gg4][%cal Re5f5]} Qa4+ 69. Kb1 {[%csl Gg4][%cal Re5f5]} Qb3+ 70. Bb2 $132 {[%csl Gg4][%cal Re5f5][%mdl 2048] White is fighting back} Qd3+ 71. Ka1 {Qh5+ would kill now.} Qd1+ 72. Ka2 {[%csl Gg4][%cal Re5f5]} Qa4+ 73. Kb1 {[%csl Gg4][%cal Re5f5]} Kh7 74. Qf5+ Kg8 75. g5 Qd1+ 76. Ka2 a4 {[%cal Ba5a4,Ba4a3][%mdl 32] aiming for ...Qd2.} 77. g6 Qb3+ 78. Ka1 {Strongly threatening g7.} a3 {[%csl Ga3][%cal Rb3b2]} 79. gxf7+ Kxf7 {[%csl Ga3][%cal Rb3b2]} 80. Qh5+ Ke6 {[%csl Ga3][%cal Rb3b2]} 81. Qg4+ Kd6 {[%csl Ga3][%cal Rb3b2]} 82. Bd4 Qd5 83. Qf4+ Kc6 84. f7 Kb7 85. Qf2 Qe4 86. Qf6 Qh1+ 87. Ka2 {Qb6+ is the strong threat.} Qd5+ 88. Ka1 Kc8 89. Qa6+ {[#]} Kd7 $1 {[%mdl 512]} 90. Qa4+ Ke6 91. Qe8+ Kf5 92. Bh8 Qc5 93. Qd7+ Ke4 94. Qg4+ Kd3 95. Qd1+ Kc4 96. Qc2+ Kb5 97. Qb3+ Kc6 98. Qe6+ Qd6 99. Qe4+ Kd7 $2 {[%mdl 8192] [#]} (99... Kc5 $11 100. Qg4 Kb5) 100. Qe8+ $1 Kc7 {[#]} 101. Be5 $1 {[%mdl 512] Accuracy: White = 54%, Black = 48%.} 1-0

[Event "Asian Zonal-ch 3.5 Women 2019"]
[Site "Zi Bo"]
[Date "2019.09.10"]
[Round "10.2"]
[White "Huang, Qian"]
[Black "Ren, Xiaoyi"]
[Result "1-0"]
[WhiteElo "2429"]
[BlackElo "2231"]
[Annotator "TA"]
[PlyCount "43"]
[EventDate "2019.09.05"]
[EventType "swiss"]
[EventCountry "CHN"]
[SourceTitle "playchess.com"]
[Source "ChessBase"]
[SourceQuality "1"]

{[%evp 10,43,35,-4,76,76,84,40,122,82,88,79,173,149,164,163,225,225,224,209,325,308,319,320,302,308,356,348,538,478,607,596,947,942,1320,1329]} 1. Nf3 d5 2. g3 Nf6 3. Bg2 c6 4. O-O Bf5 5. d3 Nbd7 6. c4 h6 {A07: Réti Opening: New York and Capablanca Systems} (6... dxc4 $11 {remains equal.} 7. dxc4 e5) 7. cxd5 $16 cxd5 8. Qb3 (8. Nc3 e6 9. e4 dxe4 10. dxe4 Bxe4 11. Nxe4 Nxe4 12. Qe2 Nef6 13. Rd1 Qb6 14. b4 Qxb4 {½-½ (28) Ipatov,A (2650)-Belous,V (2558) Middleton 2018}) 8... Qb6 (8... e5 $14) 9. Qxb6 Nxb6 10. Nc3 Rc8 (10... Bd7 $16 {is a better defense.}) 11. Be3 $18 Bd7 12. a4 {[%cal Ba2a4,Ba4b5][%mdl 32]} Bc6 $146 (12... Ra8 $142 13. Nb5 Bxb5) ({Predecessor:} 12... Ra8 13. Ne5 e6 14. Nxd7 Kxd7 {1-0 (44) Fehmer,C (2133)-Scheffner,A (2306) Germany 2009}) 13. Nb5 Bxb5 14. axb5 e6 (14... Rb8 $142 15. Rfc1 (15. Rxa7 Nc8 $18) 15... e6) 15. Rxa7 Bc5 16. Bxc5 ({But not} 16. Rxb7 Nbd7 $18) 16... Rxc5 17. Rxb7 Nfd7 18. Nd4 e5 (18... Rc8 $142 19. e4 Rb8) 19. b4 {White is clearly winning.} Rc3 20. Nc6 f6 21. Ra1 g5 {[#]} 22. Bxd5 $1 {[%mdl 512] Accuracy: White = 85%, Black = 13%.} 1-0

[Event "Asian Zonal-ch 3.5 Women 2019"]
[Site "Zi Bo"]
[Date "2019.09.10"]
[Round "10.3"]
[White "Lei, Tingjie"]
[Black "Zhang, Lanlin"]
[Result "1-0"]
[WhiteElo "2483"]
[BlackElo "2203"]
[Annotator "RC"]
[PlyCount "79"]
[EventDate "2019.09.05"]
[EventType "swiss"]
[EventCountry "CHN"]
[SourceTitle "playchess.com"]
[Source "ChessBase"]
[SourceQuality "1"]
[TimeControl "5400+30"]

1. d4 {[%emt 0:00:00]} d5 {[%emt 0:00:00]} 2. Nf3 {[%emt 0:00:00]} Nf6 {[%emt 0:03:06]} 3. c4 {[%emt 0:00:06]} c6 {[%emt 0:00:04]} 4. e3 {[%emt 0:01:26]} e6 {[%emt 0:00:43]} 5. Nbd2 {[%emt 0:00:50]} Nbd7 {[%emt 0:01:00]} 6. b3 {[%emt 0:00:06]} Be7 {[%emt 0:08:36]} 7. Bd3 {[%emt 0:00:19]} O-O {[%emt 0:00:10]} 8. O-O {[%emt 0:00:57]} b6 {[%emt 0:01:17]} 9. Bb2 {[%emt 0:02:05]} Bb7 {[%emt 0:05:41]} 10. Qe2 {[%emt 0:03:56]} c5 {[%emt 0:01:45]} 11. cxd5 {[%emt 0:03:54]} exd5 {[%emt 0:04:05]} 12. Ne5 {[%emt 0:01:58]} Ne4 {[%emt 0:08:33]} 13. Nxe4 {[%emt 0:02:04]} dxe4 {[%emt 0:00:31]} 14. Bc4 {[%emt 0:00:03]} cxd4 {[%emt 0:03:15]} 15. Bxd4 {[%emt 0:00:20]} Nxe5 {[%emt 0:11:17]} 16. Bxe5 {[%emt 0:00:05]} Qd7 {[%emt 0:01:19]} 17. Rad1 {[%emt 0:03:54]} Qf5 {[%emt 0:01:32]} 18. Qb2 {[%emt 0:00:10]} Ba3 {[%emt 0:00:31]} 19. Qxa3 {[%emt 0:07:19]} Qxe5 {[%emt 0:00:05]} 20. Qd6 {[%emt 0:00:04]} Qa5 {[%emt 0:07:34]} 21. a4 {[%emt 0:05:32]} Ba6 {[%emt 0:07:44]} 22. Rd5 {[%emt 0:05:51]} Bxc4 {[%emt 0:00:05]} 23. Rxa5 {[%emt 0:00:05]} Bxf1 {[%emt 0:00:02]} 24. Rg5 {[%emt 0:01:00]} Bd3 {[%emt 0:01:46]} 25. h4 {[%emt 0:00:32]} Kh8 {[%emt 0:05:27]} 26. Qd4 {[%emt 0:01:51]} f6 {[%emt 0:00:32]} 27. Rd5 {[%emt 0:00:02]} Rab8 {[%emt 0:01:45]} 28. g4 {[%emt 0:01:14]} a6 {[%emt 0:01:24]} 29. g5 {[%emt 0:00:32]} b5 {[%emt 0:00:07]} 30. a5 {[%emt 0:00:26]} Rbc8 {[%emt 0:00:23]} 31. gxf6 {[%emt 0:01:08]} gxf6 {[%emt 0:00:07]} 32. Rd6 {[%emt 0:01:21]} Kg7 {[%emt 0:00:19]} 33. Rd7+ {[%emt 0:00:11]} Kg6 {[%emt 0:01:01]} 34. Qd6 {[%emt 0:00:33]} Rg8 {[%emt 0:00:23]} 35. Kh2 {[%emt 0:00:49]} Rcf8 {[%emt 0:00:44]} 36. Qe7 {[%emt 0:02:56]} Kf5 {[%emt 0:00:54]} 37. Qxh7+ {[%emt 0:00:25]} Ke6 {[%emt 0:00:04]} 38. Rc7 {[%emt 0:01:58]} Ke5 {[%emt 0:00:50]} 39. Qe7+ {[%emt 0:00:09]} Kf5 {[%emt 0:00:05]} 40. Qd7+ {[%emt 0:00:04]} 1-0